International relations theory (Record no. 35865)

MARC details
000 -LEADER
fixed length control field 00289nam a2200121Ia 4500
082 ## - DEWEY DECIMAL CLASSIFICATION NUMBER
Classification number 327
Item number MIS
100 ## - MAIN ENTRY--AUTHOR NAME
Personal name Beal, R S
245 #0 - TITLE STATEMENT
Title International relations theory
260 ## - PUBLICATION, DISTRIBUTION, ETC. (IMPRINT)
Place of publication Bombay
Name of publisher Vikas
Year of publication 1980
700 ## - ADDED ENTRY--PERSONAL NAME
Personal name Misra, K P
942 ## - ADDED ENTRY ELEMENTS (KOHA)
Koha item type Books
Holdings
Withdrawn status Lost status Damaged status Not for loan Home library Current library Date acquired Cost, normal purchase price Full call number Accession Number Koha item type
        RRII Library RRII Library 16/12/2021 95.00 327 MIS 16285 Books